स्वातंत्र्यलढा चर्च आणि मिशनरी (Record no. 370210)

MARC details
000 -LEADER
fixed length control field 00469 a2200133 4500
003 - CONTROL NUMBER IDENTIFIER
control field OSt
005 - DATE AND TIME OF LATEST TRANSACTION
control field 20260213155240.0
008 - FIXED-LENGTH DATA ELEMENTS--GENERAL INFORMATION
fixed length control field 260213b |||||||| |||| 00| 0 eng d
100 ## - MAIN ENTRY--PERSONAL NAME
Personal name पटवडकर दी.
9 (RLIN) 216739
245 ## - TITLE STATEMENT
Title स्वातंत्र्यलढा चर्च आणि मिशनरी
260 ## - PUBLICATION, DISTRIBUTION, ETC. (IMPRINT)
Name of publisher, distributor, etc. भारतीय विचार साधना प्रकाशन
Date of publication, distribution, etc. 2022
Place of publication, distribution, etc. पुणे
300 ## - PHYSICAL DESCRIPTION
Extent 48pp.
942 ## - ADDED ENTRY ELEMENTS (KOHA)
Koha item type Books
Source of classification or shelving scheme Dewey Decimal Classification
Holdings
Withdrawn status Lost status Source of classification or shelving scheme Damaged status Not for loan Collection code Home library Current library Date acquired Vendor Cost, normal purchase price Total Checkouts Barcode Date last seen Cost, replacement price Bill Date Koha item type Original Barcode
    Dewey Decimal Classification     MCA MKSSS s K.B. Joshi Institute of Information Technology Library MKSSS s K.B. Joshi Institute of Information Technology Library 03/02/2026 188 35.00   KBJP-BK-3024 03/02/2026 50.00 03/02/2026 Books 3024